|
书名:
|
世界著名摇滚乐吉他曲新编第四集
|
|
|
作者:
|
庄少陵
编
|
|
出版信息:
|
北京
国际文化出版公司
1988.04
|
|
开本页数:
|
26cm 
60页
|
|
丛书名:
|
OK吉他系列丛书
|
|
单 册:
|
|
|
中图分类:
|
J
|
|
科图分类:
|
|
|
主题词:
|
艺术
|
|
电子资源:
|
|
|
ISBN:
|
7-80049-074-2
|
|
000
|
00625nam 2200205 45
|
|
001
|
2319600185
|
|
005
|
20060221164715.56
|
|
010
|
|
@a7-80049-074-2@dCNY1.90
|
|
100
|
|
@a19921022d1988 ekmy0chiy0120 ea
|
|
101
|
0
|
@achi
|
|
105
|
|
@ay z 000yy
|
|
200
|
1
|
@a世界著名摇滚乐吉他曲新编@AShi Jie Zhu Ming Yao Gun Le Ji Ta Qu Xin Bian @h第四集@f庄少陵编@FZhuang Shao Ling Bian
|
|
210
|
|
@a北京@c国际文化出版公司@d1988.04
|
|
215
|
|
@a60页@d26cm
|
|
225
|
2
|
@aOK吉他系列丛书@AOKJi Ta Ji Lie Cong Shu
|
|
606
|
0
|
@a艺术
|
|
690
|
|
@aJ@v3
|
|
701
|
0
|
@a庄少陵@AZhuang Shao Ling @4编
|
|
801
|
0
|
@c20060221
|
|
905
|
|
@a10447@dJ@e1:4
|
|
|
|
|
| |
| 世界著名摇滚乐吉他曲新编.第四集/庄少陵编.-北京:国际文化出版公司,1988.04 |
| 60页;26cm.-(OK吉他系列丛书) |
| |
| |
| ISBN 7-80049-074-2:CNY1.90 |
| |
| ● |
正题名:世界著名摇滚乐吉他曲新编
索取号:J/1:4
 
预约/预借
| 序号
|
登录号
|
条形码
|
馆藏地/架位号
|
状态
|
备注
|
|
1
|
51559
|
200515594
|
海科密-1楼/41架11列7层/
[索取号:J/1:4]
|
在馆
|
|
|
2
|
51560
|
200515601
|
海科密-1楼/41架11列7层/
[索取号:J/1:4]
|
在馆
|
|
|
3
|
51561
|
200515610
|
海科密-1楼/41架11列7层/
[索取号:J/1:4]
|
在馆
|
|
|
4
|
51562
|
200515629
|
海科密-1楼/41架11列6层/
[索取号:J/1:4]
|
在馆
|
|
|
5
|
51563
|
200515638
|
海科密-1楼/41架11列6层/
[索取号:J/1:4]
|
在馆
|
|